| 000 | 01701cam a22003737a 4500 | ||
|---|---|---|---|
| 001 | 17042387 | ||
| 003 | Nust- CAS-E0 | ||
| 005 | 20180118181359.0 | ||
| 008 | 111110s2011 enka b 101 0 eng d | ||
| 010 | _a 2011499652 | ||
| 016 | 7 |
_a015880899 _2Uk |
|
| 020 | _a9783037851890 | ||
| 020 | _a3037851899 | ||
| 035 | _a(OCoLC)ocn751830141 | ||
| 040 |
_aUKMGB _cUKMGB _dYDXCP _dBWX _dLHL _dPIT _dBTCTA _dDLC |
||
| 042 | _alccopycat | ||
| 050 | 0 | 0 |
_aTD196.B85 _b.I55 2011 |
| 082 |
_a720.47 _bGRE 2011 |
||
| 111 | 2 |
_aInternational Conference of Green Building Materials and Energy-saving Construction _d(2011 : _cHarbin, China) |
|
| 245 | 1 | 0 |
_aGreen building materials and energy-saving construction : _bselected, peer reviewed papers from the 2011 International Conference of Green Building Materials and Energy-saving Construction (GBMEC 2011) will be held on August 6, 2011 in Harbin, China / _cedited by Zhenyu Du and Zheng Wang. |
| 260 |
_aDurnten-Zurich, Switzerland ; _aEnfield,NH : _bTrans Tech, _cc2011. |
||
| 300 |
_ax, 260 p. : _bill. ; _c25 cm. |
||
| 490 | 0 |
_aAdvanced materials research, _x1022-6680 ; _vv. 280 |
|
| 504 | _aIncludes bibliographical references and index. | ||
| 650 | 0 |
_aBuilding materials _xEnvironmental aspects _xCongresses. |
|
| 650 | 0 |
_aBuildings _xEnvironmental engineering _vCongresses. |
|
| 700 | 1 | _aDu, Zhenyu. | |
| 700 | 1 | _aWang, Zheng. | |
| 830 | 0 |
_aAdvanced materials research ; _vv. 280. |
|
| 906 |
_a7 _bcbc _ccopycat _d2 _encip _f20 _gy-gencatlg |
||
| 942 |
_2ddc _cBK |
||
| 999 |
_c355355 _d355355 |
||